00380 2200157 4500001002100000005001500021035002000036245003600056100002000092300002600112260002800138082000800166084001400174020002200188990001200210INLIS00000000000312720251022014629 a0010-10250000311 aCinta 2 Hati /cNuniek Kharisma0 aNuniek Kharisma a172 hlm ;c13 x 19 cm aJakarta :bZettu,c2013 a813 a813 NUN c a978-602-7999-03-9 a0755914